[Event "RUS-chT 1L"]
[Site "Sochi RUS"]
[Date "2005.04.23"]
[Round "5"]
[White "Pogromsky, Mikhail"]
[Black "Nevostruev, Vladimir"]
[Result "0-1"]
[WhiteElo "2291"]
[BlackElo "2481"]
[EventDate "2005.04.19"]
[PlyCount "104"]

1.d4 Nf6 2.Nc3 d5 3.Bg5 Nbd7 4.Nf3 e6 5.e4 h6 6.Bxf6 Nxf6 7.exd5 exd5 8.
Bd3 Bd6 9.Qe2+ Qe7 10.Qxe7+ Bxe7 11.Kd2 O-O 12.Rae1 Bd6 13.Ne5 a6 14.f4 h5
15.g3 Bh3 16.Bf1 Bf5 17.Bd3 Bh3 18.Bf1 Bxf1 19.Rhxf1 Bb4 20.Kd3 Rfe8 21.a3
Bxc3 22.Kxc3 a5 23.Kd3 Ra6 24.Nd7 Ne4 25.Nc5 Rb6 26.b3 Rc6 27.b4 axb4 28.
axb4 f5 29.c3 h4 30.Rg1 Kh7 31.Rc1 Rh6 32.Rg2 Ra8 33.Nxe4 fxe4+ 34.Ke3 
hxg3 35.hxg3 Ra3 36.f5 Rc6 37.Rgc2 g5 38.fxg6+ Kxg6 39.Kf4 Rf6+ 40.Ke5 
Rf5+ 41.Ke6 Ra6+ 42.Kd7 Rf7+ 43.Kc8 c5 44.Kb8 b5 45.Rh2 Rb6+ 46.Kc8 Rc6+ 
47.Kb8 cxd4 48.Rch1 Rxc3 49.Rh6+ Kg7 50.Rh7+ Kf8 51.R7h5 d3 52.Rxd5 e3 0-1

[Event "RUS-chT 1L"]
[Site "Sochi RUS"]
[Date "2005.04.23"]
[Round "5"]
[White "Rychagov, Andrei"]
[Black "Lputian, Smbat"]
[Result "1/2-1/2"]
[WhiteElo "2525"]
[BlackElo "2640"]
[EventDate "2005.04.19"]
[PlyCount "81"]

1.d4 e6 2.c4 d5 3.Nf3 Nf6 4.Nc3 Be7 5.Bg5 h6 6.Bh4 O-O 7.e3 b6 8.Bd3 Bb7 
9.O-O Nbd7 10.Bg3 c5 11.Qe2 Ne4 12.cxd5 exd5 13.Rfd1 Nxg3 14.hxg3 c4 15.
Bc2 Re8 16.Ne5 Nxe5 17.dxe5 Bc5 18.f4 b5 19.Kh2 f6 20.Qh5 fxe5 21.Qf5 exf4
22.exf4 Qd6 23.Qh7+ Kf7 24.Ne4 Rxe4 25.Bxe4 Rd8 26.Bf3 Qg6 27.Qxg6+ Kxg6 
28.Re1 Kf6 29.Rad1 Bb4 30.Re2 Rd7 31.Re8 Re7 32.Rxe7 Bxe7 33.Kg1 c3 34.b3 
Bc5+ 35.Kf1 Ba6 36.Be2 Bc8 37.Bd3 Be6 38.Ke2 Bg4+ 39.Kf1 Be6 40.Ke2 Bg4+ 
41.Kf1 1/2-1/2

[Event "RUS-chT 1L"]
[Site "Sochi RUS"]
[Date "2005.04.23"]
[Round "5"]
[White "Smirnov, Artiom"]
[Black "Nikolaeva, Alexandra"]
[Result "1-0"]
[WhiteElo "2413"]
[BlackElo "2148"]
[EventDate "2005.04.19"]
[PlyCount "79"]

1.d4 d5 2.c4 dxc4 3.Nf3 Nf6 4.e3 Bg4 5.Bxc4 e6 6.O-O a6 7.Nc3 Nc6 8.Be2 
Bd6 9.h3 Bh5 10.a3 O-O 11.b4 Bg6 12.b5 axb5 13.Nxb5 Be7 14.Bb2 Nd5 15.Rc1 
Qd7 16.Re1 f6 17.Nd2 Na7 18.a4 c6 19.Nc3 Nc8 20.Qb3 Bf7 21.Nce4 Ndb6 22.
Ra1 Rd8 23.Red1 e5 24.Qc2 exd4 25.Bxd4 Qc7 26.a5 Nd5 27.Nc4 Bg6 28.Bf3 Qb8
29.Qb2 Bf7 30.Nc5 Bxc5 31.Bxc5 Qc7 32.e4 Nf4 33.Rxd8+ Qxd8 34.Qxb7 Bxc4 
35.Qxa8 Ne6 36.Rd1 Qe8 37.Bb6 Kf8 38.e5 Bb5 39.exf6 gxf6 40.Bg4 1-0

[Event "RUS-chT 1L"]
[Site "Sochi RUS"]
[Date "2005.04.23"]
[Round "5"]
[White "Sveshnikov, Evgeny"]
[Black "Gavrilov, Alexei"]
[Result "1/2-1/2"]
[WhiteElo "2499"]
[BlackElo "2244"]
[EventDate "2005.04.19"]
[PlyCount "187"]

1.e4 c6 2.d4 d5 3.exd5 cxd5 4.c3 Nc6 5.Bf4 Bf5 6.Nf3 e6 7.Qb3 Qd7 8.Nbd2 
Nge7 9.Be2 Ng6 10.Bg3 Bd6 11.Bxd6 Qxd6 12.Qxb7 Rb8 13.Qa6 Rb6 14.Qa4 O-O 
15.O-O Rxb2 16.Bb5 Nge7 17.Rfc1 Bg4 18.Rab1 Rxb1 19.Rxb1 Bxf3 20.Nxf3 Rb8 
21.g3 g6 22.Rb3 Rb6 23.Bxc6 Nxc6 24.Kg2 Kg7 25.h4 h6 26.Rb5 Rxb5 27.Qxb5 
Qc7 28.Qc5 Qb6 29.Qd6 Na5 30.Qf4 Nc4 31.h5 gxh5 32.Qh4 Qb1 33.Qxh5 Qe4 34.
Kg1 Qb1+ 35.Kg2 Qxa2 36.Qg4+ Kf8 37.Qf4 Qc2 38.Qxh6+ Ke8 39.Qf4 a5 40.Ng5 
Qf5 41.Qb8+ Ke7 42.f4 Qc2+ 43.Kh3 Qa4 44.Nf3 Qd1 45.Qc7+ Kf6 46.Nh2 Qh5+ 
47.Kg2 Ne3+ 48.Kg1 Kg6 49.Qb8 Kg7 50.Kf2 Qxh2+ 51.Kxe3 Qxg3+ 52.Kd2 Qg2+ 
53.Kc1 a4 54.Qe5+ Kg6 55.Qb8 Qf1+ 56.Kd2 Qf2+ 57.Kd3 Kh7 58.Qc7 Qf3+ 59.
Kd2 Qg2+ 60.Kc1 Kg6 61.Qb8 Qh1+ 62.Kd2 Qh2+ 63.Ke3 Qh3+ 64.Kd2 f6 65.Qe8+ 
Kf5 66.Qxa4 Kxf4 67.Qe8 Qe3+ 68.Kc2 Qe4+ 69.Kb2 f5 70.Qh5 Ke3 71.Qh2 f4 
72.Kc1 Qf3 73.Qd2+ Ke4 74.Qc2+ Qd3 75.Qg2+ Kf5 76.Kb2 Qe3 77.Kb3 Qe1 78.
Qh3+ Kg5 79.Qg2+ Qg3 80.Qe2 Qg4 81.Qd2 Qh3 82.Kb4 Qf1 83.Kc5 Kg4 84.Qc2 
Kf3 85.Qh7 Qe1 86.Qh3+ Kf2 87.Qh4+ Ke2 88.Qxf4 Qxc3+ 89.Kd6 Kd3 90.Kxe6 
Qxd4 91.Qf1+ Kd2 92.Qg2+ Kc3 93.Qxd5 Qxd5+ 94.Kxd5 1/2-1/2

[Event "RUS-chT 1L"]
[Site "Sochi RUS"]
[Date "2005.04.23"]
[Round "5"]
[White "Turov, Maxim"]
[Black "Zontakh, Andrei"]
[Result "1/2-1/2"]
[WhiteElo "2522"]
[BlackElo "2535"]
[EventDate "2005.04.19"]
[PlyCount "35"]

1.e4 c6 2.d4 d5 3.e5 Bf5 4.Nf3 e6 5.Be2 c5 6.Be3 cxd4 7.Nxd4 Ne7 8.Bg5 
Qa5+ 9.Nc3 Bg6 10.b4 Qb6 11.Ndb5 Nc8 12.Na4 Qc6 13.c4 Bxb4+ 14.Kf1 Na6 15.
cxd5 Qxd5 16.Qxd5 exd5 17.Rc1 O-O 18.Be3 1/2-1/2

[Event "RUS-chT 1L"]
[Site "Sochi RUS"]
[Date "2005.04.23"]
[Round "5"]
[White "Vitiugov, Nikita"]
[Black "Slugin, Sergei"]
[Result "1-0"]
[WhiteElo "2482"]
[BlackElo "2355"]
[EventDate "2005.04.19"]
[PlyCount "91"]

1.d4 f5 2.Nc3 Nf6 3.Bg5 d5 4.e3 e6 5.Bd3 Be7 6.Nf3 Ne4 7.Bxe7 Qxe7 8.O-O 
O-O 9.Ne2 Nd7 10.c4 c6 11.Rc1 Kh8 12.a3 Ndf6 13.Ne5 Nd7 14.b4 a5 15.f3 Ng5
16.Qb3 Nf7 17.Nxf7+ Rxf7 18.b5 a4 19.Qb2 e5 20.cxd5 cxd5 21.dxe5 Nxe5 22.
Qd4 Qd6 23.Nf4 Be6 24.Rfd1 Re7 25.Qc5 Qxc5 26.Rxc5 b6 27.Rc3 Nxd3 28.Rdxd3
Rae8 29.Kf2 Kg8 30.Rc6 Bf7 31.h4 h6 32.h5 Rb7 33.Rdc3 Reb8 34.Rc8+ Kh7 35.
Rxb8 Rxb8 36.Rc7 Kg8 37.Ra7 Be8 38.Nxd5 Bxb5 39.Ne7+ Kf8 40.Nxf5 Rd8 41.
Nd4 Bd7 42.e4 Ke8 43.e5 Bc8 44.Ke3 Rd7 45.Ra8 Rc7 46.Nb5 1-0

[Event "RUS-chT 1L"]
[Site "Sochi RUS"]
[Date "2005.04.23"]
[Round "5"]
[White "Zaitsev, Vladimir"]
[Black "Khairullin, Ildar"]
[Result "0-1"]
[WhiteElo "2435"]
[BlackElo "2517"]
[EventDate "2005.04.19"]
[PlyCount "58"]

1.e4 c5 2.Nf3 e6 3.d3 Nc6 4.g3 d5 5.Nbd2 Nf6 6.Bg2 Be7 7.O-O b6 8.Re1 Bb7 
9.c3 Qc7 10.Qe2 h6 11.a3 a5 12.Nf1 dxe4 13.dxe4 Ba6 14.Qc2 Rd8 15.N1d2 Bd3
16.Qb3 b5 17.a4 c4 18.Qa2 Bc5 19.Nf1 b4 20.b3 Nxe4 21.Be3 Nxc3 22.Qb2 Bxe3
23.Nxe3 cxb3 24.Rac1 O-O 25.Qxb3 Nd4 26.Nxd4 Rxd4 27.Kh1 Qd7 28.Nd1 Bc4 
29.Qc2 Rd2 0-1

[Event "RUS-chT 1L"]
[Site "Sochi RUS"]
[Date "2005.04.24"]
[Round "5"]
[White "Kurnosov, Igor"]
[Black "Zigangirova, Sofya"]
[Result "1-0"]
[WhiteElo "2550"]
[BlackElo "2312"]
[EventDate "2005.04.19"]
[PlyCount "81"]

1.e4 c5 2.Nf3 Nc6 3.d4 cxd4 4.Nxd4 g6 5.Nc3 Bg7 6.Be3 Nf6 7.Bc4 O-O 8.Bb3 
e6 9.f4 d6 10.O-O a6 11.Kh1 e5 12.fxe5 Ng4 13.Bf4 Ngxe5 14.Nde2 Be6 15.Qd2
Na5 16.Bg5 Nac4 17.Qc1 Qb6 18.Nf4 Qc5 19.Nfd5 Ng4 20.Bxc4 Qxc4 21.Nb6 Qc5 
22.Nxa8 Rxa8 23.Qd2 Bd4 24.Na4 Qa7 25.h3 Nf2+ 26.Rxf2 Bxf2 27.Rf1 Bd4 28.
c3 Be5 29.Be3 Qb8 30.Nb6 Ra7 31.b4 a5 32.b5 a4 33.a3 Qc7 34.c4 Qe7 35.Bd4 
Qh4 36.Bxe5 dxe5 37.Qe3 Qd8 38.Kh2 Ra5 39.Rf2 Qc7 40.Rd2 Bxc4 41.Rd7 1-0

[Event "RUS-chT 1L"]
[Site "Sochi RUS"]
[Date "2005.04.24"]
[Round "5"]
[White "Lyanguzov, Oleg"]
[Black "Ogloblin, Nikolay"]
[Result "1-0"]
[WhiteElo "2302"]
[BlackElo "2424"]
[EventDate "2005.04.19"]
[PlyCount "181"]

1.c4 Nf6 2.Nf3 b6 3.g3 Bb7 4.Bg2 e6 5.O-O Be7 6.b3 O-O 7.Bb2 c5 8.e3 d5 9.
Qe2 Nc6 10.d3 Qc7 11.Nc3 Rad8 12.Ne1 dxc4 13.bxc4 Rd7 14.f4 Nb4 15.Bxb7 
Qxb7 16.a3 Nc6 17.g4 Rfd8 18.g5 Ne8 19.Rf3 f5 20.gxf6 Bxf6 21.f5 Ne5 22.
Rf1 Qc6 23.fxe6 Qxe6 24.Nd5 Rxd5 25.cxd5 Rxd5 26.e4 Rd8 27.Rd1 Qg4+ 28.
Qxg4 Nxg4 29.Bxf6 Nexf6 30.Nc2 Rd7 31.h3 Ne5 32.d4 cxd4 33.Rxd4 Rc7 34.Nb4
Rc3 35.Rd6 h5 36.Nd5 Rg3+ 37.Kh2 Nxe4 38.Ne7+ Kh7 39.Rd5 Rg5 40.Rf5 Rxf5 
41.Nxf5 Nf3+ 42.Kg2 Nf6 43.Rb5 Ne1+ 44.Kf1 Nd3 45.Nd6 Nf4 46.Nc8 Nxh3 47.
Nxa7 g5 48.Rxb6 Nd5 49.Rb7+ Kg6 50.a4 g4 51.Nc6 Ndf4 52.a5 g3 53.Rb2 g2+ 
54.Rxg2+ Nxg2 55.a6 Ne3+ 56.Ke1 Nd5 57.Ne7+ Nxe7 58.a7 Nf4 59.a8=Q Nf5 60.
Kf2 Kf6 61.Qh8+ Kg6 62.Kf3 Ne6 63.Qe8+ Kg5 64.Qg8+ Kf6 65.Qh8+ Kg6 66.Ke4 
Ng5+ 67.Kf4 Ng7 68.Qa8 Nf7 69.Qa2 Kf6 70.Qb2+ Kg6 71.Qb6+ Kh7 72.Qf6 Kg8 
73.Ke4 Kf8 74.Kd5 Ne8 75.Qg6 Ke7 76.Qe4+ Kf8 77.Qe2 Ng7 78.Kc6 Nh6 79.Kd6 
Kf7 80.Qf2+ Kg6 81.Qg1+ Kf6 82.Qd4+ Kg6 83.Qf4 Nhf5+ 84.Ke5 Nh6 85.Qf6+ 
Kh7 86.Kf4 Ng8 87.Qa6 Nh6 88.Qd3+ Kg8 89.Kg5 Nf7+ 90.Kf6 Nh6 91.Kg6 1-0

[Event "RUS-chT 1L"]
[Site "Sochi RUS"]
[Date "2005.04.24"]
[Round "6"]
[White "Babiy, Anatoly"]
[Black "Deviatkin, Andrei"]
[Result "0-1"]
[WhiteElo "2473"]
[BlackElo "2510"]
[EventDate "2005.04.19"]
[PlyCount "95"]

1.d4 d5 2.Nf3 Nf6 3.c4 c6 4.Nc3 dxc4 5.a4 Bf5 6.Ne5 e6 7.Nxc4 c5 8.dxc5 
Qxd1+ 9.Kxd1 Bxc5 10.f3 Nc6 11.e4 O-O-O+ 12.Ke1 Nd4 13.Rb1 Bg6 14.Bg5 h6 
15.Bh4 Nc2+ 16.Ke2 Nh5 17.Bxd8 Rxd8 18.g3 f5 19.Bg2 Nd4+ 20.Kf1 fxe4 21.
Ne5 Bh7 22.f4 Nc2 23.Nxe4 Ne3+ 24.Ke2 Bd4 25.Rbc1+ Kb8 26.Bf3 Nd5 27.Rc4 
Nhxf4+ 28.gxf4 Nxf4+ 29.Ke1 Bxe5 30.Nf2 Nd5 31.b3 Ne3 32.Rc5 Bd4 33.Rb5 b6
34.Ke2 Bf5 35.Rc1 Nd5 36.Bxd5 exd5 37.Rd1 Bc5 38.b4 a6 39.Rxc5 bxc5 40.
bxc5 d4 41.h4 Kc7 42.Rg1 g6 43.Nd3 a5 44.Nf4 Rb8 45.Nxg6 d3+ 46.Kf3 d2 47.
Ke3 Rd8 48.Ne7 0-1

[Event "RUS-chT 1L"]
[Site "Sochi RUS"]
[Date "2005.04.24"]
[Round "6"]
[White "Balberov, Alexander"]
[Black "Sharafiev, Azat"]
[Result "1-0"]
[WhiteElo "2403"]
[BlackElo "2272"]
[EventDate "2005.04.19"]
[PlyCount "45"]

1.Nf3 g6 2.e4 c5 3.d4 cxd4 4.Nxd4 Nc6 5.c4 Nf6 6.Nc3 Nxd4 7.Qxd4 d6 8.Be2 
Bg7 9.Be3 O-O 10.Qd2 Bd7 11.O-O a6 12.f3 Rb8 13.Rfd1 Bc6 14.Rac1 Nd7 15.b4
b6 16.Nd5 a5 17.a3 axb4 18.axb4 Ba4 19.Re1 Bc6 20.Bf1 b5 21.cxb5 Bxb5 22.
Bxb5 Rxb5 23.Rc8 1-0

[Event "RUS-chT 1L"]
[Site "Sochi RUS"]
[Date "2005.04.24"]
[Round "6"]
[White "Dobrov, Vladimir"]
[Black "Kositsin, Sergey"]
[Result "1-0"]
[WhiteElo "2521"]
[BlackElo "2446"]
[EventDate "2005.04.19"]
[PlyCount "115"]

1.d4 Nf6 2.c4 g6 3.g3 Bg7 4.Bg2 d6 5.Nf3 O-O 6.O-O Nbd7 7.Nc3 e5 8.h3 c6 
9.e4 Qb6 10.Re1 Re8 11.c5 dxc5 12.dxe5 Nxe5 13.Nxe5 Rxe5 14.Na4 Qa6 15.
Nxc5 Qb5 16.Be3 Re8 17.Qd2 a5 18.a4 Qb4 19.Qc2 Nd7 20.Nd3 Qe7 21.f4 h5 22.
Rad1 Nf8 23.Bc5 Qc7 24.Qf2 Be6 25.e5 Qc8 26.Kh2 Bb3 27.Ra1 Bc4 28.Qc2 Qe6 
29.Nf2 Nd7 30.Bd4 c5 31.Bc3 Bb3 32.Qb1 Nb6 33.Ne4 Nxa4 34.Rxa4 Bxa4 35.
Nxc5 Qc4 36.Nxb7 Qc7 37.Nd6 Rf8 38.Qa2 Qd7 39.Nxf7 Rab8 40.e6 Qe8 41.Qa3 
Rb3 42.Qd6 Bxc3 43.bxc3 Rb2 44.Qd4 Kh7 45.Ng5+ Kh6 46.Qa7 Rxg2+ 47.Kxg2 
Qa8+ 48.Qxa8 Rxa8 49.Rb1 Bc6+ 50.Kf2 Kg7 51.Rb6 Be8 52.Ne4 a4 53.Rb7+ Kf8 
54.Nd6 Bc6 55.Rc7 a3 56.e7+ Kg8 57.Rxc6 a2 58.e8=Q+ 1-0

[Event "RUS-chT 1L"]
[Site "Sochi RUS"]
[Date "2005.04.24"]
[Round "6"]
[White "Firman, Nazar"]
[Black "Askarov, Marat"]
[Result "1-0"]
[WhiteElo "2471"]
[BlackElo "2455"]
[EventDate "2005.04.19"]
[PlyCount "45"]

1.e4 c5 2.Nf3 d6 3.d4 cxd4 4.Nxd4 Nf6 5.Nc3 Nc6 6.Bg5 Qb6 7.Nb3 e6 8.Qd2 
a6 9.Bxf6 gxf6 10.O-O-O Qc7 11.Kb1 b5 12.Qf4 Qe7 13.Be2 Bb7 14.Rhe1 Rc8 
15.Bg4 Qd8 16.Nc5 Ba8 17.Nd5 Bg7 18.Bxe6 dxc5 19.Bxc8 Qxc8 20.Qd6 b4 21.
Nc7+ Qxc7 22.Qxc7 O-O 23.Rd6 1-0

[Event "RUS-chT 1L"]
[Site "Sochi RUS"]
[Date "2005.04.24"]
[Round "6"]
[White "Gabdrakhmanov, Rafail"]
[Black "Ozgibtsev, Anatoly"]
[Result "1/2-1/2"]
[WhiteElo "2425"]
[BlackElo "2433"]
[EventDate "2005.04.19"]
[PlyCount "94"]

1.Nf3 Nf6 2.c4 g6 3.Nc3 Bg7 4.e4 d6 5.d4 O-O 6.Be3 e5 7.dxe5 dxe5 8.Qxd8 
Rxd8 9.Nd5 Na6 10.Bg5 Rd6 11.Bxf6 Bxf6 12.b4 c6 13.Nxf6+ Rxf6 14.a3 Nc7 
15.Bd3 Rd6 16.O-O-O Bg4 17.Be2 Rdd8 18.Rxd8+ Rxd8 19.Rd1 Rxd1+ 20.Kxd1 
Bxf3 21.Bxf3 b6 22.Bg4 c5 23.bxc5 bxc5 24.Kc2 Na8 25.Bc8 a5 26.Bb7 Nb6 27.
Bd5 Kg7 28.h4 h6 29.Kd3 Kf8 30.Ke3 Ke7 31.g3 Nc8 32.Kd3 Nb6 33.Kc3 Kf8 34.
Kc2 Ke7 35.Kd3 f6 36.Ke3 Nc8 37.Kd3 Nb6 38.Bg8 Kf8 39.Be6 Ke7 40.Bg4 Kf8 
41.h5 g5 42.Kc3 Ke7 43.Kb3 Kf7 44.Bf5 Ke7 45.Bg6 Kf8 46.Kc3 Ke7 47.Kd3 Kf8
1/2-1/2

[Event "RUS-chT 1L"]
[Site "Sochi RUS"]
[Date "2005.04.24"]
[Round "6"]
[White "Gladyshev, Oleg"]
[Black "Iskusnyh, Sergei"]
[Result "1/2-1/2"]
[WhiteElo "2434"]
[BlackElo "2474"]
[EventDate "2005.04.19"]
[PlyCount "48"]

1.d4 Nf6 2.c4 g6 3.Nc3 Bg7 4.e4 d6 5.Be2 O-O 6.Nf3 Na6 7.O-O e5 8.Be3 Ng4 
9.Bg5 Qe8 10.dxe5 dxe5 11.h3 f6 12.Bd2 Nh6 13.c5 Nxc5 14.Qc1 Nf7 15.Nd5 
Ne6 16.Nxc7 Nxc7 17.Qxc7 Nd8 18.Bc4+ Be6 19.Rac1 Rf7 20.Bxe6 Nxe6 21.Qc4 
Rc7 22.Qb3 Rac8 23.Rxc7 Rxc7 24.Rc1 Rxc1+ 1/2-1/2

[Event "RUS-chT 1L"]
[Site "Sochi RUS"]
[Date "2005.04.24"]
[Round "6"]
[White "Ivanov, Timur"]
[Black "Vitiugov, Nikita"]
[Result "0-1"]
[WhiteElo "2408"]
[BlackElo "2482"]
[EventDate "2005.04.19"]
[PlyCount "52"]

1.e4 c5 2.Nf3 e6 3.d4 cxd4 4.Nxd4 Nc6 5.Nc3 Qc7 6.f4 a6 7.Nxc6 Qxc6 8.Bd3 
b5 9.Qe2 Bb7 10.Bd2 b4 11.Nd5 f5 12.c4 Kf7 13.Nxb4 Bxb4 14.Bxb4 fxe4 15.
Bc2 Nf6 16.Bc3 Rhc8 17.Rd1 Qxc4 18.Qxc4 Rxc4 19.Bb3 Rc5 20.Bxf6 Kxf6 21.
Rxd7 Bd5 22.Bxd5 Rxd5 23.Rc7 Rad8 24.O-O Rd2 25.g4 Re2 26.f5 Rdd2 0-1

[Event "RUS-chT 1L"]
[Site "Sochi RUS"]
[Date "2005.04.24"]
[Round "6"]
[White "Khairullin, Ildar"]
[Black "Lanin, Alexsej"]
[Result "1/2-1/2"]
[WhiteElo "2517"]
[BlackElo "2407"]
[EventDate "2005.04.19"]
[PlyCount "132"]

1.e4 c5 2.c3 Nf6 3.e5 Nd5 4.g3 e6 5.Bg2 Nc6 6.Nf3 Qc7 7.Qe2 d6 8.exd6 Bxd6
9.O-O O-O 10.Na3 a6 11.Nc4 Be7 12.a4 b6 13.d3 Bb7 14.Re1 b5 15.Nce5 Nxe5 
16.Nxe5 Nb6 17.a5 Nd7 18.Bf4 Bxg2 19.Kxg2 Qb7+ 20.Qf3 Qxf3+ 21.Kxf3 Nxe5+ 
22.Bxe5 Rfd8 23.d4 c4 24.Bc7 Rd5 25.Re5 Rc8 26.Bb6 Kf8 27.Ke4 f5+ 28.Kf3 
Rxe5 29.dxe5 Ke8 30.Rd1 Rb8 31.Ke3 Rb7 32.Rb1 Kd7 33.b4 cxb3 34.Kd3 Kc6 
35.Rxb3 Rd7+ 36.Kc2 Kd5 37.Rb1 Kc4 38.Bd4 Rd5 39.f4 b4 40.Ra1 Bd8 41.Ra4 
Bxa5 42.cxb4 Bxb4 43.Bc3 a5 44.Bxb4 axb4 45.Ra6 b3+ 46.Kc1 b2+ 47.Kxb2 
Rd2+ 48.Kc1 Rxh2 49.Rxe6 Rg2 50.Re7 Rxg3 51.Rf7 Kc3 52.Kb1 Rg1+ 53.Ka2 g6 
54.Rxh7 Kd4 55.e6 Re1 56.Rd7+ Ke4 57.Rg7 Kd5 58.e7 Re6 59.Kb3 Kd6 60.Rxg6 
Kxe7 61.Rxe6+ Kxe6 62.Kc4 Kd6 63.Kd4 Ke6 64.Kc5 Kf6 65.Kd6 Kf7 66.Ke5 Ke7 
1/2-1/2

[Event "RUS-chT 1L"]
[Site "Sochi RUS"]
[Date "2005.04.24"]
[Round "6"]
[White "Kron, Valentin"]
[Black "Slugin, Sergei"]
[Result "1/2-1/2"]
[WhiteElo "2439"]
[BlackElo "2355"]
[EventDate "2005.04.19"]
[PlyCount "104"]

1.c4 e6 2.Nf3 f5 3.d4 Nf6 4.Nc3 Bb4 5.Bd2 O-O 6.e3 b6 7.Be2 Bb7 8.O-O c6 
9.a3 Be7 10.b4 d5 11.Qb3 Ne4 12.Rfd1 Nd7 13.Be1 Bd6 14.b5 Nxc3 15.Bxc3 Qe7
16.cxd5 cxd5 17.Bb4 a5 18.Bxd6 Qxd6 19.Rac1 Rfc8 20.Qb2 Qe7 21.Ne1 Qd8 22.
Nd3 Rxc1 23.Rxc1 Rc8 24.Nf4 Nf8 25.a4 Qd6 26.Rxc8 Bxc8 27.Qc3 Bd7 28.Nd3 
Ng6 29.g3 Ne7 30.Ne5 Be8 31.Kg2 Kf8 32.h3 Qb8 33.g4 g6 34.Nd3 Qc8 35.Qa3 
Qc7 36.Nf4 Bf7 37.Nd3 Be8 38.h4 Kg7 39.Nf4 Bf7 40.Nd3 Be8 41.Ne5 Nc8 42.
Bd3 Nd6 43.Qb2 Nf7 44.gxf5 gxf5 45.Nf3 Kf6 46.Qc2 Qxc2 47.Bxc2 h6 48.Kg3 
Nh8 49.Ne5 Ng6 50.Nd3 Ne7 51.Bd1 Nc8 52.Ne5 Ne7 1/2-1/2

[Event "RUS-chT 1L"]
[Site "Sochi RUS"]
[Date "2005.04.24"]
[Round "6"]
[White "Krutko, Anatoly"]
[Black "Ayupov, Damir"]
[Result "0-1"]
[WhiteElo "2358"]
[BlackElo "2364"]
[EventDate "2005.04.19"]
[PlyCount "58"]

1.e4 e6 2.d4 d5 3.Nd2 Nf6 4.e5 Nfd7 5.f4 c5 6.c3 Nc6 7.Ndf3 Qb6 8.g3 cxd4 
9.cxd4 Be7 10.Ne2 O-O 11.Bh3 f6 12.Bxe6+ Kh8 13.Bxd5 fxe5 14.fxe5 Ndxe5 
15.dxe5 Nxe5 16.Bf4 Nxf3+ 17.Bxf3 Bb4+ 18.Nc3 Re8+ 19.Kf1 Bh3+ 20.Bg2 Qa6+
21.Kf2 Bc5+ 22.Kf3 Rad8 23.Bxh3 Qc6+ 24.Kg4 Rxd1 25.Raxd1 Qe6+ 26.Kf3 Qxh3
27.Rd5 Bb6 28.a4 Rf8 29.Rc1 Rxf4+ 0-1

[Event "RUS-chT 1L"]
[Site "Sochi RUS"]
[Date "2005.04.24"]
[Round "6"]
[White "Lputian, Smbat"]
[Black "Kolesnikov, Evgeny"]
[Result "1-0"]
[WhiteElo "2640"]
[BlackElo "2328"]
[EventDate "2005.04.19"]
[PlyCount "69"]

1.d4 d5 2.c4 e6 3.Nf3 c6 4.e3 Nf6 5.Bd3 Nbd7 6.O-O dxc4 7.Bxc4 b5 8.Bd3 a6
9.a4 Bb7 10.e4 Be7 11.Qe2 O-O 12.e5 Nd5 13.Qe4 g6 14.Bh6 Re8 15.Nbd2 Qb6 
16.a5 Qc7 17.Rfc1 c5 18.Qg4 Qb8 19.h4 cxd4 20.Qxd4 Qa7 21.Qg4 Nb4 22.Bb1 
Rac8 23.Rc3 Qb8 24.h5 Nxe5 25.Nxe5 Qxe5 26.hxg6 f5 27.Qh5 Bc5 28.Be4 Bxe4 
29.Nxe4 Qxe4 30.gxh7+ Kh8 31.Rxc5 Qd4 32.Rac1 Qd7 33.Rxc8 Rxc8 34.Rxc8+ 
Qxc8 35.Qf7 1-0

[Event "RUS-chT 1L"]
[Site "Sochi RUS"]
[Date "2005.04.24"]
[Round "6"]
[White "Lugovoi, Alexei"]
[Black "Anisimov, Pavel"]
[Result "1/2-1/2"]
[WhiteElo "2557"]
[BlackElo "2476"]
[EventDate "2005.04.19"]
[PlyCount "134"]

1.d4 Nf6 2.c4 e6 3.Nc3 Bb4 4.Nf3 b6 5.e3 Bb7 6.Bd3 c5 7.O-O O-O 8.Na4 cxd4
9.a3 Be7 10.exd4 d6 11.b4 Nbd7 12.Re1 Rc8 13.Bb2 Re8 14.Rc1 Rc7 15.Nc3 Qa8
16.d5 exd5 17.cxd5 Bf8 18.Rxe8 Qxe8 19.Qb3 Ne5 20.Rd1 Nxf3+ 21.gxf3 Qe5 
22.Bf1 Qg5+ 23.Bg2 Nh5 24.Nb5 Re7 25.Nxd6 Qg6 26.Ne4 Nf4 27.Ng3 Bxd5 28.
Qc3 Qg5 29.Bc1 Qxg3 30.Bxf4 Qxf4 31.Rxd5 Rc7 32.Qd2 Rc1+ 33.Bf1 Qxf3 34.
Qxc1 Qxd5 35.Qc4 Qd7 36.Qd3 Bd6 37.Qe4 g6 38.h3 Qc7 39.Bc4 Kg7 40.Kg2 Be5 
41.a4 Bc3 42.b5 Be5 43.Be2 Qd6 44.Bc4 Bd4 45.Qf3 Qe7 46.Qf4 Qb7+ 47.Qf3 
Qc7 48.Bd5 f6 49.Bc6 Bc5 50.Qg4 f5 51.Qg3 Bd6 52.Qc3+ Kh6 53.Qd2+ f4 54.
Qe2 Bc5 55.Qg4 Qe5 56.Qh4+ Kg7 57.Qg4 h5 58.Qd7+ Kh6 59.Qd2 Qf6 60.Be4 Kg5
61.Kf3 Bd6 62.Qd3 Be5 63.Kg2 Bd4 64.Kf3 Be5 65.Qc2 Qe6 66.Kg2 Kh4 67.Qd3 
Kg5 1/2-1/2

[Event "RUS-chT 1L"]
[Site "Sochi RUS"]
[Date "2005.04.24"]
[Round "6"]
[White "Makarov, Marat"]
[Black "Ionov, Sergei"]
[Result "1/2-1/2"]
[WhiteElo "2515"]
[BlackElo "2527"]
[EventDate "2005.04.19"]
[PlyCount "53"]

1.Nf3 Nf6 2.c4 e6 3.g3 a6 4.Bg2 b5 5.d3 Bb7 6.O-O c5 7.Nc3 bxc4 8.dxc4 Be7
9.Bf4 d6 10.Qa4+ Nbd7 11.Rfd1 Qc7 12.Rd2 h6 13.Rad1 Bc6 14.Qc2 e5 15.Be3 
Ng4 16.Ne1 Nxe3 17.fxe3 Nf6 18.Bxc6+ Qxc6 19.e4 h5 20.Nd5 Nxd5 21.Rxd5 h4 
22.g4 h3 23.Nf3 Qc8 24.Kh1 Kf8 25.Rg1 Qe6 26.Rdd1 g6 27.Qd3 1/2-1/2

[Event "RUS-chT 1L"]
[Site "Sochi RUS"]
[Date "2005.04.24"]
[Round "6"]
[White "Maslak, Konstantin"]
[Black "Dvoirys, Semen"]
[Result "1-0"]
[WhiteElo "2477"]
[BlackElo "2568"]
[EventDate "2005.04.19"]
[PlyCount "67"]

1.e4 c5 2.Nf3 d6 3.d4 cxd4 4.Nxd4 Nf6 5.Nc3 a6 6.Bc4 e6 7.Bb3 Nbd7 8.f4 
Nc5 9.O-O Ncxe4 10.Nxe4 Nxe4 11.f5 e5 12.Qh5 d5 13.Re1 Bc5 14.Rxe4 Bxd4+ 
15.Kh1 O-O 16.Rh4 Bxf5 17.Rxd4 g6 18.Rg4 Kh8 19.Qh4 Bxg4 20.Qxg4 f5 21.Qf3
d4 22.Bh6 e4 23.Qg3 Qf6 24.Bg5 Qg7 25.Rd1 Rae8 26.Kg1 e3 27.Bf4 Qf6 28.h4 
Re7 29.Bg5 Qe5 30.Qxe5+ Rxe5 31.Bf4 Ree8 32.g3 Kg7 33.Kg2 Rf6 34.Kf3 1-0

[Event "RUS-chT 1L"]
[Site "Sochi RUS"]
[Date "2005.04.24"]
[Round "6"]
[White "Miroshnichenko, Evgeny"]
[Black "Shomoev, Anton"]
[Result "1/2-1/2"]
[WhiteElo "2628"]
[BlackElo "2540"]
[EventDate "2005.04.19"]
[PlyCount "117"]

1.Nf3 Nf6 2.c4 c5 3.Nc3 d5 4.cxd5 Nxd5 5.g3 Nc6 6.Bg2 Nc7 7.O-O e5 8.a3 
Bd7 9.Rb1 f6 10.d3 Be7 11.Qb3 Rb8 12.Nd5 Nxd5 13.Qxd5 Bf5 14.Qb3 Qd7 15.
Be3 Be6 16.Qa4 Nd4 17.Qxa7 Nxe2+ 18.Kh1 O-O 19.Qb6 Rfc8 20.a4 Bd8 21.Qb5 
Qxb5 22.axb5 Bd7 23.Nd2 Bxb5 24.Nc4 Bc6 25.Rfe1 Nd4 26.Rbc1 Nf5 27.g4 Nxe3
28.fxe3 b5 29.Nd6 Bxg2+ 30.Kxg2 Rc6 31.Ne4 c4 32.Re2 Rbc8 33.Rec2 Ba5 34.
Kf3 Bb4 35.dxc4 Rxc4 36.Rxc4 Rxc4 37.Rd1 Be7 38.Rd7 Kf8 39.Nc3 Ke8 40.Rb7 
b4 41.Nd5 Bd6 42.e4 Bf8 43.h4 Rc1 44.h5 h6 45.Nxb4 Bxb4 46.Rxb4 Rf1+ 47.
Ke3 Rf4 48.Rb8+ Kf7 49.Rb7+ Kg8 50.Rb8+ Kf7 51.Rb7+ Kg8 52.b4 Rxg4 53.b5 
Rg5 54.Kd3 Rxh5 55.Rd7 Rh1 56.Kc2 Re1 57.b6 Rxe4 58.b7 Rb4 59.Kc3 1/2-1/2

[Event "RUS-chT 1L"]
[Site "Sochi RUS"]
[Date "2005.04.24"]
[Round "6"]
[White "Nachev, Stanislav"]
[Black "Berezhevsky, Evgeny"]
[Result "1-0"]
[WhiteElo "2411"]
[BlackElo "2385"]
[EventDate "2005.04.19"]
[PlyCount "65"]

1.d4 Nf6 2.c4 g6 3.Nc3 d5 4.cxd5 Nxd5 5.e4 Nxc3 6.bxc3 Bg7 7.Nf3 c5 8.Rb1 
O-O 9.Be2 b6 10.O-O Bb7 11.Qd3 Ba6 12.Qe3 cxd4 13.cxd4 Bxe2 14.Qxe2 Nc6 
15.Rd1 Qd7 16.d5 Ne5 17.Nd4 Rfc8 18.f4 Nc4 19.Nc6 Nd6 20.Ba3 Bf8 21.Rbc1 
Rc7 22.e5 Nf5 23.g4 Ng7 24.Nxe7+ Bxe7 25.Rxc7 Qxc7 26.d6 Bxd6 27.exd6 Qd7 
28.Bb2 Re8 29.Qf3 f5 30.Qd5+ Re6 31.g5 Kf7 32.Qd4 Kf8 33.Qxg7+ 1-0

[Event "RUS-chT 1L"]
[Site "Sochi RUS"]
[Date "2005.04.24"]
[Round "6"]
[White "Nevostruev, Vladimir"]
[Black "Chebotarev, Oleg"]
[Result "0-1"]
[WhiteElo "2481"]
[BlackElo "2480"]
[EventDate "2005.04.19"]
[PlyCount "70"]

1.e4 e6 2.d4 d5 3.Nd2 Nf6 4.e5 Nfd7 5.c3 c5 6.Bd3 Nc6 7.Ne2 cxd4 8.cxd4 f6
9.Nf4 Nxd4 10.Qh5+ Ke7 11.exf6+ Nxf6 12.Qe5 Qb6 13.Nf3 Nxf3+ 14.gxf3 Qd6 
15.Qg5 Bd7 16.Nh5 h6 17.Qh4 g5 18.Qh3 e5 19.Bf5 Bxf5 20.Qxf5 Nxh5 21.h4 
Qe6 22.Qc2 g4 23.Rg1 Rc8 24.Qb3 gxf3 25.Qxf3 Nf6 26.Bd2 Rg8 27.Rxg8 Qxg8 
28.Qb3 Qg1+ 29.Ke2 Qg4+ 30.Ke1 Qe4+ 31.Kd1 b6 32.Qa3+ Ke6 33.Qxa7 Qh1+ 34.
Ke2 Qxa1 35.Qxb6+ Bd6 0-1

[Event "RUS-chT 1L"]
[Site "Sochi RUS"]
[Date "2005.04.24"]
[Round "6"]
[White "Nikolenko, Oleg"]
[Black "Novik, Maxim"]
[Result "0-1"]
[WhiteElo "2527"]
[BlackElo "2494"]
[EventDate "2005.04.19"]
[PlyCount "104"]

1.e4 c6 2.Nc3 d5 3.Nf3 Bg4 4.h3 Bh5 5.d4 e6 6.Be2 Bb4 7.O-O Nf6 8.e5 Nfd7 
9.Ng5 Bxe2 10.Nxe2 Be7 11.Nf3 c5 12.c3 Nc6 13.Nf4 cxd4 14.cxd4 O-O 15.Bd2 
Nb6 16.Bc3 Qd7 17.Re1 Rfc8 18.Nh2 Nc4 19.a4 Bf8 20.Ng4 Qd8 21.b3 Nb6 22.
Nh5 Nd7 23.Re3 Ne7 24.Rf3 Ng6 25.Bd2 Rc6 26.h4 Nxh4 27.Rg3 Ng6 28.Rh3 Rac8
29.g3 Qb6 30.Be3 Rc3 31.Rb1 Qa6 32.Nf4 Nxf4 33.gxf4 Qd3 34.Qe1 Rxb3 35.Rd1
Qf5 36.Rg3 g6 37.Kg2 h5 38.Nh2 Bh6 39.Nf3 Bxf4 40.Bxf4 Qxf4 41.Rb1 Rcc3 
42.Rxb3 Rxb3 43.Qa5 h4 44.Qd8+ Nf8 45.Nxh4 Rxg3+ 46.fxg3 Qe4+ 47.Kh3 Qxd4 
48.Qc7 g5 49.Ng2 Qg1 50.Qc2 Kg7 51.Qd2 Ng6 52.Ne1 Qh1+ 0-1